Normal view MARC view
  • Icrc

Entry Personal Name

Number of records used in: 1

001 - CONTROL NUMBER

  • control field: 58832

003 - CONTROL NUMBER IDENTIFIER

  • control field: NUST

005 - DATE AND TIME OF LATEST TRANSACTION

  • control field: 20210628202224.0

008 - FIXED-LENGTH DATA ELEMENTS

  • fixed length control field: 210628|| aca||aabn | a|a d

040 ## - CATALOGING SOURCE

  • Original cataloging agency: NUST
  • Transcribing agency: NUST

100 ## - HEADING--PERSONAL NAME

  • Personal name: Icrc

670 ## - SOURCE DATA FOUND

  • Source citation: Work cat.: (NUST): Icrc, Protocols additio, resolutions of the 1974-77 diplomatic conferencenal to the geneva conventions of 12 august 1949, 1996
© 2023 Central Library, National University of Sciences and Technology. All Rights Reserved.